000 01782nam0a2200301 4500
001 RU\NLR\bibl\977994
005 20250614213417.0
010 _a5-89004-196-7
_91000
021 _aRU
_b2006-43543
_92176
035 _a(NLR Aleph) 000965913
090 _a368850
_c368850
100 _a20060824d2006 |||y0rusy50 ca
101 0 _arus
102 _aRU
105 _aa |||||||||
200 1 _aУправление развитием сестринского персонала
_eучебное пособие для системы послевузовского профессионального образования по специальности 040601 "Управление сестринской деятельностью"
_fС.И. Двойников, Л.А. Карасева
_gМ-во здравоохранения и социал. развития Рос. Федерации, Федер. гос. образоват. учреждение "Всерос. учеб.-науч.-метод. центр по непрерыв. мед. и фармац. образованию Федер. агентства по здравоохранению и социал. развитию"
210 _aМосква
_cФГОУ "ВУНМЦ Росздрава"
_d2006
215 _a118,[1] с.
_cил.
_d21
320 _aБиблиогр.: с. 114-118 (102 назв.)
606 1 _aСестринское дело
_jУчебные издания для повышения квалификации
_xУправление
_92419249
_3RU\NLR\auth\661440849
686 _aР11(2)п92я7
700 1 _aДвойников
_bС. И.
_4070
701 1 _aКарасева
_bЛ. А.
_4070
801 0 _aRU
_bNLR
_c20060824
_grcr
801 1 _aRU
_bNLR
_c20060824
942 _cBOOK
980 _aNB